000 00942nas a2200301Ia 4500
001 71
003 CO-MdFUSB
005 20170406154003.0
008 151030s9999 cr 000 0 spa d
037 _bAsociación de Seminarios e Instituciones Teológicas
040 _aCO-MdFUSB
_bspa
_cCO-MdFUSB
_dCO-MdFUSB
_erda
041 0 _aspa
_hspa
245 1 0 _aPsicología Pastoral
_cAsociación de Seminarios e Instituciones Teológicas
260 _aSan José
264 _aCosta Rica :
_bAsociación de Seminarios e Instituciones Teológicas
300 _aNúmero 10
_c21 cm.
310 _aNo aplica
_b1981
336 _2rdacontent
_a1
_ba1
337 _2rdamedia
_a2
_b5
338 _a2
362 _a1981
500 _a
546 _aTexto en español
650 _vPublicaciones seriadas
773 _dSan José, Costa Rica : Asociación de Seminarios e Instituciones Teológicas 1981
810 _hRevista
942 _cCR
_2ddc
_a3
999 _c49441
_d49441